000 00460nam a2200181Ia 4500
001 10664
005 20260306161849.0
008 260306t2013||||xx |||||||||||||| ||spa||
041 _aESP
082 _a946.043092
_bA52
100 _aAma Gónzalo, José Carlos del
_eAUT
245 0 _aLa opinión pública en la España de Cervantes
260 _c2013
300 _a218 páginas :
_c24 cm.
650 _aGEN
654 _aCHU
942 _cLIB
_dJUS
_fJUS
_2ddc
_n
999 _c10664
_d10664